000 00871nam a22002297a 4500
003 UA-OsUOA
001 46376
007 ta
008 20120215b un ||||| |||| 00| 0 ukr d
090 _a082
_bУ45
942 _cBK
040 _aUA-OsUOA
_bukr
_cUA-OsUOA
_dUA-OsUOA
245 _aУкраїнський церковно-визвольний рух і утворення Української автокефальної православної церкви. Матеріали наукової конференції, Київ, 12 жовтня 1996 р.
300 _a218 с.
955 _a4
041 _aukr
080 _a082
260 _aК.
_bЛогос
_c1997
650 7 _a08 Видання. Колективні праці
_2UDC
999 _c426480
_d426480